| 000 | 01120nam a22003490a 4500 | ||
|---|---|---|---|
| 001 | PT26736 | ||
| 003 | AR-LpoUNG | ||
| 005 | 20210131233313.0 | ||
| 008 | 191001s2007||||ag |||||||||||||||||spa d | ||
| 020 |
_a9789871172177 _c$10,3 |
||
| 040 |
_aAR-LpoUNG _bspa _cAR-LpoUNG _eaacr |
||
| 041 | _aspa | ||
| 044 | _aag | ||
| 082 | 0 | _aR467.98 77dic | |
| 100 | 1 | _aOrtiz Oderigo, Néstor | |
| 245 | 1 | 0 | _aDiccionario de africanismos en el castellano del Río de la Plata |
| 250 | _a1ra. ed. | ||
| 260 |
_aBuenos Aires : _bUniversidad Nacional de Tres de Febrero, _c2007. |
||
| 300 |
_a235 p. : _btbls., gráfs. |
||
| 520 | _a<p>Aporte al estudio del protagonismo lingüístico y cultural africano en el Río de la Plata por el autor, pionero en estudios africanísticos y afroamericanísticos en Argentina.</p> | ||
| 650 | 4 | _aAFRICA | |
| 650 | 4 | _aARGENTINA | |
| 650 | 4 | _aDICCIONARIOS | |
| 650 | 4 | _aLENGUA ESPAÑOLA | |
| 650 | 4 | _aLINGÜISTICA | |
| 650 | 4 | _aURUGUAY | |
| 651 | 4 | _aDOCUMENTOS TEORICOS O METODOLOGICOS | |
| 653 | _aFILOLOGIA | ||
| 653 | _aLEXICOGRAFIA | ||
| 905 | _a26736 | ||
| 942 | _cLSALA | ||
| 999 |
_c19989 _d19989 |
||